| 000 | 00550nam a2200157Ia 4500 | ||
|---|---|---|---|
| 008 | 100122s9999 xx 000 0 und d | ||
| 082 |
_b50905 _a823 |
||
| 100 | _aब्रेनॉड फ्रॅक | ||
| 245 | _aबिस्मार्कची शिकार | ||
| 260 |
_bमेहता पब्लिकेशन हाऊस _c1995 |
||
| 300 | _a89 | ||
| 630 | _aबिस्मार्कची शिकार | ||
| 700 | _aभावे अनंत | ||
| 730 | _aबिस्मार्कची शिकार | ||
| 942 | _cBOOK | ||
| 999 |
_c428484 _d428481 |
||